Les joueurs de Ligue 1 à l'Euro 2024 ! - Statistiques

Statistiques générales
  • Ce quiz a été pris 515 fois
  • Le résultat moyen est 19 sur 31
Statistiques - réponses
Club Pays % Correct
Paris Saint-Germain France Kylian Mbappé
94%
Paris Saint-Germain France Ousmane Dembélé
90%
Paris Saint-Germain Espagne Fabian Ruiz
88%
Paris Saint-Germain Portugal Vitinha
86%
Paris Saint-Germain Italie Gianluigi Donnarumma
85%
Paris Saint-Germain Portugal Nuno Mendes
84%
Paris Saint-Germain Slovaquie Milan Skriniar
81%
Paris Saint-Germain France Bradley Barcola
80%
Paris Saint-Germain France Warren Zaïre-Emery
79%
AS Monaco France Youssouf Fofana
79%
Paris Saint-Germain France Randal Kolo-Muani
77%
RC Lens France Brice Samba
75%
Olympique de Marseille France Jonathan Clauss
73%
FC Metz Géorgie Georges Mikautadze
72%
RC Lens Autriche Kevin Danso
71%
Paris Saint-Germain Portugal Danilo Pereira
70%
Paris Saint-Germain Portugal Gonçalo Ramos
69%
RC Lens Pologne Przemyslaw Frankowski
65%
AS Monaco Suisse Breel Embolo
63%
OGC Nice Pologne Marcin Bulka
56%
Stade Rennais Belgique Arthur Theate
54%
LOSC Lille Turquie Yusuf Yazici
43%
AS Monaco Suisse Denis Zakaria
38%
Olympique Lyonnais Belgique Orel Mangala
37%
FC Lorient Suisse Yvon Mvogo
33%
Le Havre Hongrie Loïc Nego
27%
Toulouse Suisse Vincent Sierro
21%
Girondins de Bordeaux Géorgie Zuriko Davitashvili
20%
Stade Rennais Suisse Fabian Rieder
19%
Stade Rennais Turquie Bertug Yildirim
11%
Girondins de Bordeaux Slovénie Zan Vipotnik
10%
Aucun quiz correspondant
Distribution des résultats
% des personnes avec chaque résultat
Percentile par nombre de réponses
Votre historique - résultats
Vous n’avez pas pris ce quiz